2nd lecture upon the newly appov'd method of casting and fireing /

The second in a series of four numbered prints satirizing the recently opened Royal Veterinary College in London. In this print, a horse is restrained with ropes held by three men outside the opened doors of a blacksmith's shop; a fourth man with bellows works a fire to the right; a small dog s...

Full description

Bibliographic Details
Format: Photo Book
Language:English
Published: London : Pubd. according to Act of Parliament, March 28, 1795, by F. Jukes, [1795]
Subjects:

MARC

Tag First Indicator Second Indicator Subfields
LEADER 00000nkm a2200000 a 4500
001 in00004803621
008 240807s1795 enknnn f kneng
005 20240807175127.8
035 |a (OCoLC)on1451456703 
040 |a TMV  |b eng  |c TMV 
035 |a (OCoLC)1451456703 
100 1 |a Jukes, Francis,  |d 1745-1812,  |e artist.  |1 https://id.oclc.org/worldcat/entity/E39PBJvHbCfWbwBV7whWdBQ6rq 
245 1 0 |a 2nd lecture upon the newly appov'd method of casting and fireing /  |c F. Jukes. 
246 3 |a Second lecture upon the newly appov'd method of casting and fireing 
260 |a London :  |b Pubd. according to Act of Parliament, March 28, 1795, by F. Jukes,  |c [1795] 
300 |a 1 print :  |b aquatint, color ;  |c 25 x 26.5 cm 
336 |a still image  |b sti  |2 rdacontent 
337 |a unmediated  |b n  |2 rdamedia 
338 |a sheet  |b nb  |2 rdacarrier 
520 0 |a The second in a series of four numbered prints satirizing the recently opened Royal Veterinary College in London. In this print, a horse is restrained with ropes held by three men outside the opened doors of a blacksmith's shop; a fourth man with bellows works a fire to the right; a small dog stands in the foreground. 
650 0 |a Veterinary medicine. 
610 2 2 |a Royal Veterinary College (London, England) 
650 1 2 |a Animal Husbandry  |x instrumentation  |0 (DNLM)D000822Q000295 
650 1 2 |a Veterinary Medicine  |0 (DNLM)D014730 
651 2 |a London  |0 (DNLM)D008131 
650 7 |a veterinary medicine.  |2 aat  |0 (CStmoGRI)aat300312255 
650 7 |a Veterinary medicine  |2 fast  |0 (OCoLC)fst01165977 
655 2 |a Caricature  |0 (DNLM)D019492 
655 2 |a Pictorial Work  |0 (DNLM)D020495 
655 7 |a caricatures.  |2 aat  |0 (CStmoGRI)aatgf300015634 
655 7 |a illustrated books.  |2 aat  |0 (CStmoGRI)aatgf300311820 
655 7 |a Caricatures  |2 fast  |0 (OCoLC)fst01986243 
655 7 |a Illustrated works  |2 fast  |0 (OCoLC)fst01423873 
655 7 |a Caricatures.  |2 lcgft 
655 7 |a Illustrated works.  |2 lcgft 
655 7 |a Caricatures.  |2 rvmgf  |0 (CaQQLa)RVMGF-000001590 
994 |a Z0  |b TMV 
948 |h HELD BY TMV - 0 OTHER HOLDINGS 
999 f f |s c1dd2000-2b89-48a6-ab45-c714b5c37ea6  |i 23b9a87c-33b3-47e1-8e01-24cd30d64a34  |t 0 
952 f f |p noncirc  |a Texas A&M University  |b College Station  |c Medical Sciences Library  |d MSL: Special Collections  |t 0  |e Print sets box 4  |h Other scheme  |i unmediated -- sheet  |m 3238902706423 
998 f f |a Print sets box 4  |t 0  |l MSL: Special Collections